| 000 | 00709cam a2200229 a 4500 | ||
|---|---|---|---|
| 001 | 15634892 | ||
| 005 | 20130516114422.0 | ||
| 008 | 090223s2009 enka b 001 0 eng | ||
| 020 | _a9780521889742 | ||
| 020 | _a052188974X | ||
| 020 | _a9780521889742 | ||
| 082 | 0 | 0 |
_a621.38412 _222 _bHAG |
| 100 | 1 |
_aHagen, Jon B. _933200 |
|
| 245 | 1 | 0 |
_aRadio-frequency electronics : _bcircuits and applications / _cJon B. Hagen. |
| 250 | _a2nd ed. | ||
| 260 |
_aCambridge ; _aNew York : _bCambridge University Press, _c2009. |
||
| 300 |
_axiii, 438 p. : _bill. ; _c26 cm. |
||
| 504 | _aIncludes bibliographical references and index. | ||
| 650 | 0 |
_aRadio circuits. _931457 |
|
| 653 |
_bEle _cMay2013 |
||
| 942 |
_2ddc _cBB |
||
| 999 |
_c17468 _d17440 |
||